| 000 | 00338nam a2200133Ia 4500 | ||
|---|---|---|---|
| 005 | 20251222153548.0 | ||
| 008 | 251222s9999||||xx |||||||||||||| ||spa|| | ||
| 020 | _a8481562564 | ||
| 082 | _a307.09/A78 | ||
| 245 | 0 | _aEl Antiguo Egipto | |
| 250 | _a1ra.ed. | ||
| 264 | _bElecta.Grupo Editorial Ramdon House Mondadori, S.L. | ||
| 942 | _cLIB | ||
| 999 |
_c30734 _d30734 |
||